Goleadores de cada temporada de la Liga MX - Estadísticas

Estadísticas generales
  • Esta prueba ha sido intentada 49 veces
    11 desde el último reinicio
  • La puntuación promedio es 41 de 95
Estadísticas de respuestas
Temporada Equipo del goleador # de goles Goleador % Correcto
CLAUSURA 2016 Tigres UANL 13 André-Pierre "Bomboro" Gignac
89%
CLAUSURA 2023 Club América 14 Henry "La Bomba" Martín
89%
BICENTENARIO 2010 Guadalajara 10 Javier "Chicharito" Hernández
89%
INVIERNO 2001 C. D. Irapuato 11 Jorge Martín Rodríguez Alba
89%
VERANO 1998 Toluca 13 José Saturnino Cardozo
89%
APERTURA 2024 Toluca 13 Paulinho
89%
CLAUSURA 2006 Jaguares de Chiapas 11 Salvador "Chava" Cabañas
89%
APERTURA 2025 Guadalajara 12 Armando "Hormiga" González
78%
APERTURA 2017 C. F. Monterrey 11 Avilés Hurtado
78%
1967-1968 Atlante F. C. 19 Bernardo "Manolete" Hernández Villaseñor
78%
APERTURA 2014 Querétaro F. C. 12 Camilo "El Lobo" Sanvezzo
78%
1993-1994 Cruz Azul 27 Carlos Hermosillo
78%
1958-1959 Club América 25 Eduardo González Pálmer
78%
1975-1976 Pumas UNAM 29 Evanivaldo "Cabinho" Castro Silva
78%
1955-1956 C. D. Oro 25 Héctor "Chale" Hernández García
78%
1978-1979 Pumas UNAM 26 Hugo Sánchez
78%
CLAUSURA 2008 C. F. Monterrey 13 Humberto "Chupete" Suazo
78%
APERTURA 2025 Atlético de San Luis 12 Joao Pedro
78%
APERTURA 2014 Club León 12 Mauro "Matador" Boselli
78%
APERTURA 2022 Pachuca 11 Nicolás Ibáñez
78%
CLAUSURA 2024 Pachuca 8 Salomón Rondón
78%
CLAUSURA 2025 Atlas F. C. 12 Uros "Djuka" Durdevic
78%
CLAUSURA 2011 Club América 13 Angel "Pleititos" Reyna
67%
APERTURA 2010 Santos Laguna 14 Christian Rogelio "Chucho" Benítez
67%
INVIERNO 1998 Club América 16 Cuauhtémoc Blanco
67%
INVIERNO 2000 Santos Laguna 17 Jared "El Zorro del Desierto" Borgetti
67%
GUARDIANES 2020 Cruz Azul 12 Jonathan "Cabecita" Rodríguez
67%
CLAUSURA 2025 Club Tijuana 12 José Raúl "La Pantera" Zúñiga
67%
APERTURA 2003 Atlante F. C. 15 Luis "Canguro" "El Conejo" Gabriel Rey
67%
CLAUSURA 2007 Guadalajara 11 Omar Bravo
67%
APERTURA 2016 Monarcas Morelia 11 Raúl Ruidíaz
67%
CLAUSURA 2024 Cruz Azul 8 Uriel Antuna
67%
1946-1947 Club León 33 Adalberto "Dumbo" López
56%
APERTURA 2019 Guadalajara 12 Alan Pulido
56%
GUARDIANES 2021 Toluca 11 Alexis Canelo
56%
APERTURA 2007 San Luis F. C. 18 Alfredo "El Chango" David Moreno
56%
APERTURA 2016 Club Tijuana 11 Dayro Moreno
56%
CLAUSURA 2024 Club Necaxa 8 Diber Cambindo
56%
CLAUSURA 2015 C. F. Monterrey 10 Dorlan "Memín" Pabón
56%
APERTURA 2009 Cruz Azul 17 Emanuel Alejandro "Tito" Villa
56%
CLAUSURA 2014 Pachuca 14 Enner Valencia
56%
APERTURA 2021 Atlético de San Luis 9 Germán Berterame
56%
1974-1975 Cruz Azul 25 Horacio López Salgado
56%
1990-1991 Pumas UNAM 26 Luis "El Niño Artillero" García
56%
APERTURA 2021 Tigres UANL 9 Nicolás López
56%
CLAUSURA 2005 Santos Laguna 15 Vicente José "Toro" Matías Vuoso
56%
APERTURA 2008 Toluca 11 Héctor Mancilla
44%
BICENTENARIO 2010 Club Puebla 10 Hércules Gómez
44%
INVIERNO 1999 Pumas UNAM 15 Jesús Javier "Mudo" Olalde Ortiz
44%
APERTURA 2005 Club América 11 Kléber Boas Pereira
44%
CLAUSURA 2019 Club León 14 Ángel Mena
33%
CLAUSURA 2004 Pumas UNAM 16 Bruno Marioni
33%
1970-1971 Club América 20 Enrique David "El Cyrano" Borja
33%
México 1986 C. F. Monterrey 14 Francisco "El Abuelo" Javier Cruz
33%
APERTURA 2023 Santos Laguna 11 Harold Preciado
33%
APERTURA 2019 Club Necaxa 12 Mauro "El Comandante" Quiroga
33%
APERTURA 2013 Toluca 12 Pablo Velázquez
33%
1961-1962 Guadalajara 21 Salvador "Melón" Reyes Monteón
33%
VERANO 2000 Tecos UAG 14 Sebastián "Loco" Abreu
33%
1952-1953 Club Necaxa 14 Tulio Quiñones
33%
APERTURA 2005 Tigres UANL 11 Walter "Chueco" Gaitán
33%
VERANO 2000 Club Necaxa 14 Agustín Delgado
22%
CLAUSURA 2004 Tigres UANL 16 Andrés "Cuqui" Silvera
22%
CLAUSURA 2018 Santos Laguna 14 Djaniny Tavares
22%
CLAUSURA 2024 Club León 8 Federico "MaraViñas" Viñas
22%
APERTURA 2004 C. F. Monterrey 15 Guillermo "Guille" Franco
22%
APERTURA 2011 Toluca 11 Iván Alonso
22%
1965-1966 Club América 20 José Alves "Zague"
22%
1949-1950 Veracruz 30 Julio "El Negro" Ayllón
22%
1968-1969 Club León 24 Luis "El Chino" Estrada
22%
1982-1983 Club América 22 Norberto "El Beto" Outes
22%
1973-1974 Club América 26 Osvaldo "Pata Bendita" Castro
22%
1957-1958 Zacatepec 19 Carlos "El Charro" Lara
11%
APERTURA 2012 Atlante F. C. 11 Esteban Paredes
11%
VERANO 1997 Santos Laguna 12 Gabriel "La reliquia" Caballero
11%
1950-1951 Club Necaxa 19 Horacio "Chamaco" Casarín
11%
1992-1993 Club Necaxa 27 Ivo "Hueso" Basay
11%
BICENTENARIO 2010 Atlante F. C. 10 Johan "Cholo" Fano
11%
1953-1954 C. D. Oro 21 Juan Carlos Carrera
11%
1969-1970 Toluca 20 Vicente "El Diablo Mayor" Pereda
11%
1962-1963 C. D. Oro 19 Amaury Epaminondas
0%
1963-1964 Pumas UNAM 20 Carlos Alberto Etcheverry
0%
INVIERNO 1996 Puebla 12 Carlos Antonio Muñoz
0%
1956-1957 Guadalajara 19 Crescencio "Mellone" Gutiérrez
0%
VERANO 2000 Club León 14 Everaldo Begines
0%
1943-1944 R. C. España 27 Isidro "Tanque" Lángara
0%
1989-1990 Veracruz 26 Jorge "Comitas" Comas
0%
1986-1987 Tecos UAG 23 José Luis Zalazar
0%
1953-1954 Club Necaxa 21 Julio María Palleiro
0%
VERANO 1997 Pachuca 12 Lorenzo, "Torpedo Dinamita" Sáez
0%
1987-1988 Pumas UNAM 24 Luis Enrique "Lucho" Flores
0%
1944-1945 C. F. Asturias 40 Roberto Aballay
0%
1959-1960 C. D. Tampico 22 Roberto Oscar Rolando
0%
PRODE 1985 Tampico-Madero F. C. 10 Sergio "El Cachirul" Lira
0%
México 1970 Club León 16 Sergio Enrique "Xelajú" Anaya
0%
No se encontraron pruebas coincidentes
Distribución de puntuación
Porcentaje de gente con cada puntuación
Porcentaje por número respondido
Historial de tus puntuaciones
No has intentado esta prueba desde el último reinicio